| Поле | Инд. | ПП | Название | Значение |
|---|---|---|---|---|
| Тип записи | a | |||
| Библиографический уровень | m | |||
| 001 | Контрольный номер | 3ac044ee0a1a48d2a57a1832f817d2e4 | ||
| 005 | Дата корректировки | 20231113130634.3 | ||
| 020 | c | Цена, тираж | 150-00 | |
| 022 | 0_ | a | ISSN | 2618-7701 |
| 084 | a | Индекс другой классификации/Индекс ББК | 72 | |
| 090 | a | Полочн. индекс | 72 | |
| c | Каталожный индекс | 72 | ||
| x | Авторский знак | К 90 | ||
| 097 | b | Оператор | Максимова | |
| 245 | 10 | a | Заглавие | Культура. Наука. Производство |
| b | Продолж. заглавия | научно-практический журнал | ||
| c | Ответственность | главный редактор В. Ю. Стеклянников | ||
| n | Номер части/ раздела | № 10 | ||
| 260 | a | Место издания | Норильск | |
| b | Издательство | ЗГУ | ||
| c | Дата издания | 2022 | ||
| 300 | a | Объем | 97 с. | |
| 653 | 0_ | a | Ключевые слова | здоровье сохранение; Арктическая зона миграционные процессы; Арктическая зона кадры; молодежная миграция; дистанционное образование; Арктическая зона стринг-арт; Арктика декоративно-прикладное искусство; Норильск профориентационные стратегии; Воркута модельный моногород; проект "Путешествие в страну Таймырию"; бизнес в Норильске; Крайний Север адаптация человека; Норильск экологический туризм; "Норильский никель" замкнутые системы водооборота; Норильск химический состав почвы; Алтай развитие территорий; мнемотехника в высшей математике |
| 900 | a | Имя макрообъекта | 1543503 | |
| 901 | t | Тип документа | s |